<?xml version="1.0" encoding="UTF-8"?>
<record
    xmlns:xsi="http://www.w3.org/2001/XMLSchema-instance"
    xsi:schemaLocation="http://www.loc.gov/MARC21/slim http://www.loc.gov/standards/marcxml/schema/MARC21slim.xsd"
    xmlns="http://www.loc.gov/MARC21/slim">

  <leader>01177nam a2200301 i 4500</leader>
  <controlfield tag="005">20260416115936.0</controlfield>
  <controlfield tag="008">260415t20252025my ao  br     000 0 chi d</controlfield>
  <datafield tag="020" ind1=" " ind2=" ">
    <subfield code="a">9786294981270</subfield>
    <subfield code="c">RM24.95</subfield>
    <subfield code="q">paperback </subfield>
  </datafield>
  <datafield tag="040" ind1=" " ind2=" ">
    <subfield code="a">PPAK </subfield>
    <subfield code="b">eng</subfield>
    <subfield code="c">PPAK </subfield>
    <subfield code="e">rda</subfield>
  </datafield>
  <datafield tag="082" ind1="0" ind2="4">
    <subfield code="2">23</subfield>
    <subfield code="a">006.3076</subfield>
  </datafield>
  <datafield tag="090" ind1="0" ind2="0">
    <subfield code="a">006.3076</subfield>
    <subfield code="b">ART </subfield>
    <subfield code="d">K </subfield>
  </datafield>
  <datafield tag="245" ind1="0" ind2="0">
    <subfield code="6">880-01 </subfield>
    <subfield code="a">AI ren gong zhi neng. </subfield>
    <subfield code="n">Di san juan /</subfield>
    <subfield code="c">Wang Wanliang </subfield>
  </datafield>
  <datafield tag="246" ind1="3" ind2="3">
    <subfield code="a">Artificial Intelligence</subfield>
  </datafield>
  <datafield tag="264" ind1=" " ind2="1">
    <subfield code="a">Johor Bahru, Johor : </subfield>
    <subfield code="b">Penerbitan Pelangi Sdn. Bhd, </subfield>
    <subfield code="c">[2025]</subfield>
  </datafield>
  <datafield tag="264" ind1=" " ind2="4">
    <subfield code="c">&#xA9;2025</subfield>
  </datafield>
  <datafield tag="300" ind1=" " ind2=" ">
    <subfield code="a">viii, 124 pages : </subfield>
    <subfield code="b">colour illustrations, colour photographs ; </subfield>
    <subfield code="c">26 cm + </subfield>
    <subfield code="e">1 booklet </subfield>
  </datafield>
  <datafield tag="336" ind1=" " ind2=" ">
    <subfield code="a">text</subfield>
    <subfield code="2">rdacontent</subfield>
  </datafield>
  <datafield tag="337" ind1=" " ind2=" ">
    <subfield code="a">unmediated</subfield>
    <subfield code="2">rdamedia</subfield>
  </datafield>
  <datafield tag="338" ind1=" " ind2=" ">
    <subfield code="a">volume</subfield>
    <subfield code="2">rdacarrier</subfield>
  </datafield>
  <datafield tag="500" ind1=" " ind2=" ">
    <subfield code="a">Includes questions and exercises. </subfield>
  </datafield>
  <datafield tag="521" ind1=" " ind2=" ">
    <subfield code="a">Lower Secondary Recommended for form 1, 2 &amp; 3. </subfield>
  </datafield>
  <datafield tag="650" ind1="1" ind2="0">
    <subfield code="a">Artificial intelligence</subfield>
  </datafield>
  <datafield tag="650" ind1="2" ind2="0">
    <subfield code="a">Artificial intelligence </subfield>
    <subfield code="v">Problems, exercises, etc. </subfield>
  </datafield>
  <datafield tag="650" ind1="2" ind2="0">
    <subfield code="a">Artificial intelligence </subfield>
    <subfield code="x">Study and teaching (Secondary)</subfield>
  </datafield>
  <datafield tag="700" ind1="1" ind2=" ">
    <subfield code="a">Wang, Wanliang, </subfield>
    <subfield code="e">editor.</subfield>
  </datafield>
  <datafield tag="880" ind1="0" ind2="0">
    <subfield code="6">245-01/$1 </subfield>
    <subfield code="a">AI&#x4EBA;&#x5DE5;&#x667A;&#x80FD;. </subfield>
    <subfield code="n">&#x7B2C;&#x4E09;&#x5377; / &#x738B;&#x4E07;&#x826F;&#x4E3B;&#x7F16; </subfield>
  </datafield>
  <datafield tag="942" ind1=" " ind2=" ">
    <subfield code="2">ddc</subfield>
    <subfield code="c">B</subfield>
  </datafield>
  <datafield tag="999" ind1=" " ind2=" ">
    <subfield code="c">203867</subfield>
    <subfield code="d">203867</subfield>
  </datafield>
  <datafield tag="952" ind1=" " ind2=" ">
    <subfield code="0">0</subfield>
    <subfield code="7">0</subfield>
    <subfield code="b">PPAK</subfield>
    <subfield code="c">K</subfield>
    <subfield code="d">2026-04-19</subfield>
    <subfield code="l">0</subfield>
    <subfield code="o">K 006.3076 ART </subfield>
    <subfield code="p">A01906290</subfield>
    <subfield code="r">2026-04-19 08:22:05</subfield>
    <subfield code="y">B</subfield>
  </datafield>
</record>
